| 000 | 00578nam a2200169Ia 4500 | ||
|---|---|---|---|
| 008 | 090711s9999 xx 000 0 und d | ||
| 082 | _b44318 | ||
| 100 | _aबनहट्टी राजेंद्र | ||
| 245 | _aअखेरSो आत्मSारित्र | ||
| 260 | _c1982 | ||
| 300 | _a100 | ||
| 600 | _aबनहट्टी राजेंद्र | ||
| 630 | _aअखेरSो आत्मSारित्र | ||
| 700 | _aबनहट्टी राजेंद्र | ||
| 730 | _aअखेरSो आत्मSारित्र | ||
| 942 | _cBOOK | ||
| 999 |
_c318739 _d318739 |
||